[Event "Moscow Open RSSU Cup 2020"]
[Site "Moscow"]
[Date "2020.01.28"]
[Round "4.14"]
[White "Afonasieva, Anna"]
[Black "Ovod, Evgenija"]
[Result "0-1"]
[WhiteElo "2286"]
[BlackElo "2362"]
[Annotator "TA"]
[PlyCount "96"]
[EventDate "2020.01.25"]
[EventType "swiss"]
[EventCountry "RUS"]
[SourceTitle "playchess.com"]
[Source "ChessBase"]
[SourceQuality "1"]

{[%evp 9,96,-16,-5,-16,2,-7,-10,-24,0,-6,5,-12,21,20,31,21,7,-95,-87,-102,-103,-87,-48,-62,-66,-172,-187,-178,-171,-394,-395,-365,-373,-371,-235,-297,-310,-319,-309,-344,-332,-286,-178,-199,-178,-235,-162,-217,-220,-208,-143,-134,-136,-427,-412,-420,-424,-400,-360,-404,-406,-377,-387,-937,-1022,-918,-877,-788,-418,-367,-126,-444,-422,-1145,-1145,-1116,-1116,-29981,-29982,-29982,-29983,-29982,-29984,-29990,-29991,-29991,-29989,-29988,-29989]} 1. d4 Nf6 2. Bf4 d5 3. e3 e6 4. Bd3 Bd6 5. Bg3 O-O 6. Nd2 {D00: 1 d4 d5: Unusual lines} c5 7. c3 Qc7 8. dxc5 {The position is equal.} Qxc5 9. Ngf3 Nbd7 10. Qe2 e5 {[#] ...e4 is the strong threat.} (10... Rd8 11. e4 dxe4 12. Nxe4 Nxe4 13. Bxe4 Bxg3 14. Bxh7+ Kxh7 15. hxg3+ Kg8 16. O-O-O Re8 17. Rxd7 Bxd7 18. Ne5 f6 19. Rh8+ Kxh8 20. Qh5+ Kg8 {½-½ (20) Aronian,L (2775)-Wang,H (2756) Moscow 2019}) 11. e4 dxe4 12. Bxe4 Bc7 $146 ({Predecessor:} 12... Qc7) 13. O-O-O (13. Bc2 $11) 13... Nxe4 $17 14. Nxe4 Qc6 15. Qc2 f6 16. Qb3+ $1 Kh8 17. Rd5 (17. Qd5 $15) 17... Nb6 $36 {[%mdl 2048] White is under strong pressure.} 18. Rc5 Qxe4 19. Rxc7 $2 (19. Re1 Qg6 20. Rxc7) 19... Bf5 20. Nd2 Qxg2 21. Rd1 Bd7 {aiming for ...Ba4.} 22. Qa3 Bc6 23. c4 Rad8 24. b3 Rfe8 25. Re7 Nc8 26. Rxe8+ Rxe8 27. Nf1 (27. Qc5 {might work better.}) 27... Qe4 28. Ne3 (28. Qb2 {was worth a try.}) 28... h5 29. b4 {intending b5.} h4 30. b5 hxg3 31. bxc6 $2 {[%mdl 8192]} (31. hxg3 $17 {only move.} Nb6 32. bxc6 Qxc6 33. Rd6) 31... gxh2 32. cxb7 Qxb7 33. Nd5 Nb6 34. Qf3 {Threatening mate with Qh5+!} Rc8 35. Qh3+ Kg8 36. Qe6+ $2 (36. Nxb6 axb6 37. Kb2) 36... Kf8 37. Nxb6 axb6 {[%mdl 4096] Endgame KQR-KQR} 38. Kb2 Re8 39. Qh3 Qc6 $2 (39... Ra8 $19 {Strongly threatening ...Qe4.} 40. f4 Qc6) 40. Rc1 $2 {[%mdl 8192]} (40. Qxh2 $17 Qxc4 41. Qh8+ Qg8 42. Qh4) 40... Ra8 41. Qxh2 (41. a3 $142 Qe4 42. Qxh2) 41... Qa4 42. Qh8+ {[#]} Kf7 $1 43. Qh5+ Ke7 {Black mates.} 44. Ra1 Qb4+ 45. Kc2 Qxc4+ {[%mdl 64] Double Attack} 46. Kb2 Qb4+ 47. Kc2 Rc8+ 48. Kd1 Qd4+ {Accuracy: White = 40%, Black = 64%.} 0-1

[Event "Moscow Open RSSU Cup 2020"]
[Site "Moscow"]
[Date "2020.01.28"]
[Round "4.15"]
[White "Nasyrova, Ekaterina"]
[Black "Semenova, Elena"]
[Result "1-0"]
[WhiteElo "2208"]
[BlackElo "2290"]
[Annotator "TA"]
[PlyCount "145"]
[EventDate "2020.01.25"]
[EventType "swiss"]
[EventCountry "RUS"]
[SourceTitle "playchess.com"]
[Source "ChessBase"]
[SourceQuality "1"]

{[%evp 21,145,12,29,34,28,19,52,48,45,32,43,45,55,8,56,51,49,67,64,61,109,120,129,129,134,140,138,152,121,129,138,107,82,43,45,44,60,25,25,25,93,93,111,110,115,100,107,110,145,136,129,119,165,141,143,133,289,219,302,306,333,333,325,310,313,305,364,352,412,363,345,349,389,385,446,441,442,347,454,461,467,434,457,453,456,464,460,464,458,435,454,416,562,553,543,537,862,835,908,869,819,739,1527,1005,1961,715,685,665,762,564,4802,1580,29973,29975,29975,29972,29981,29982,29982,29983,29982,29983,29983,29984,29984,29985]} 1. Nf3 Nf6 2. c4 e6 3. e3 d5 4. Nc3 c5 5. cxd5 exd5 6. d4 Nc6 7. Bb5 Bd6 8. O-O O-O 9. dxc5 Bxc5 10. b3 Bg4 11. Bb2 Re8 12. h3 $146 {D32: Tarrasch Defence: Sidelines and lines without g3} ({Predecessor:} 12. Rc1 Bd6 13. Ne2 Bxf3 14. gxf3 Re6 15. Ng3 h5 16. Bxc6 bxc6 17. Kh1 Bxg3 18. hxg3 a5 19. Kg2 a4 {0-1 (34) Docx,S (2419)-Litwak,A (2270) Germany 2016}) 12... Bh5 13. Rc1 {Nxd5 is the strong threat.} Bd6 14. Be2 {White is slightly better.} a6 15. Nd4 Nxd4 16. Bxh5 Nc6 17. Na4 Ne4 18. Bf3 $1 Rc8 19. Bxe4 dxe4 20. Qg4 $1 {[%csl Gb2][%cal Rg4g7]} Be5 21. Bxe5 $1 Rxe5 22. Rfd1 $1 {[%cal Rd1d8]} Qe8 23. Nb6 Rd8 24. Rxd8 Qxd8 {[#]} 25. Rd1 $1 {[%cal Rd1d8]} Qe8 26. Nc4 Re6 27. Nd6 Qe7 $1 28. Nf5 {[%csl Gf5][%cal Rg4g7]} Qf6 {Threatens to win with ...h5!} 29. Nd4 $40 {[%mdl 128] White attacks.} (29. Ng3 {is more complex.} Qe7 30. h4 g6 31. h5 Kf8 32. Rd5) 29... Nxd4 30. Rxd4 $11 {[%mdl 4096] Endgame KQR-KQR} Qe7 {[#]} (30... g6 $1 $11) 31. Qd1 $1 $16 {Strongly threatening Rd8+.} g6 32. Rd7 Qf6 33. Rxb7 Rd6 34. Qc2 Qa1+ 35. Kh2 Qe5+ 36. g3 Rf6 37. Rb4 Qf5 38. Kg1 (38. Rxe4 Qxf2+ 39. Qxf2 Rxf2+ 40. Kg1 Rxa2 $11) 38... h5 $2 (38... Qxh3 $16 39. Qxe4 (39. Rxe4 Rd6 $16) 39... Qd7) 39. Rxe4 Kh7 40. h4 Rd6 41. Rc4 Qf3 {Hoping for ...Rd1+.} 42. Rd4 Rc6 43. Qd1 Qf6 44. Kg2 Rc5 45. a4 Rf5 46. Qc2 a5 47. Rc4 Qe7 48. e4 Rf6 49. Qd2 Qa7 50. Qd4 Qxd4 51. Rxd4 $18 {KR-KR} Rb6 52. Rd3 Kg7 53. Kf3 Kf6 54. Ke3 Ke6 55. f3 Rc6 56. Kf4 Rb6 57. Rd5 Rxb3 58. Rxa5 Ra3 59. Ra8 Kf6 60. a5 Kg7 61. a6 f6 62. a7 Kh7 63. Rf8 (63. g4 $142 hxg4 64. fxg4) 63... Rxa7 64. Rxf6 Kg7 65. Rd6 Kh7 66. e5 (66. Kg5 $142 Ra5+ 67. Rd5) 66... Rf7+ 67. Rf6 {White mates.} Re7 68. e6 Ra7 69. Rf7+ Rxf7+ 70. exf7 Kg7 71. Kg5 Kxf7 72. Kh6 (72. g4 hxg4 73. Kxg4 (73. fxg4 Kg7 $11) 73... Kf6 $11) 72... Kf6 73. g4 {Accuracy: White = 79%, Black = 30%.} 1-0

[Event "Moscow Open RSSU Cup 2020"]
[Site "Moscow"]
[Date "2020.01.28"]
[Round "4.16"]
[White "Golubenko, Valentina"]
[Black "Bodnaruk, Anastasia"]
[Result "0-1"]
[WhiteElo "2223"]
[BlackElo "2411"]
[Annotator "TA"]
[PlyCount "50"]
[EventDate "2020.01.25"]
[EventType "swiss"]
[EventCountry "RUS"]
[SourceTitle "playchess.com"]
[Source "ChessBase"]
[SourceQuality "1"]

{[%evp 24,74,8,-45,0,-142,-24,-130,-145,-141,-118,-156,-141,-132,-125,-398,-422,-600,-579,-579,-550,-694,-706,-635,-677,-697,-691,-674,-587,-716,-712,-943,-938,-917,-860,-907,-939,-1083,-1069,-1120,-1030,-7300,-2429,-29974,-29975,-29979,-29981,-29984,-29985,-29985,-29986,-29986,-29987]} 1. d4 Nf6 2. c4 g6 3. g3 Bg7 4. Bg2 c5 5. d5 d6 6. Nc3 O-O 7. Nf3 e6 8. O-O exd5 9. cxd5 Re8 10. Nd2 a6 11. a4 Nbd7 12. Nc4 Ne5 13. Na3 (13. Nxe5 $11 Rxe5 14. e4) 13... Bd7 {A64: Modern Benoni: Fianchetto Variation: 9...Nbd7 10 Nd2 a6 11 a4 Re8} 14. h3 (14. Bf4 $11) 14... Nh5 (14... b5 $1 $17 {White must now prevent ...b4.} 15. f4 Neg4 $1 {[%mdl 512]} 16. hxg4 Bxg4) 15. f4 (15. g4 $11 Nxg4 16. hxg4 Bxg4 17. Qe1) 15... Nxg3 $17 {Black is better.} 16. fxe5 Bxe5 {Strongly threatening ...Qh4.} (16... Nxf1 $6 17. Qxf1 Rxe5 18. Nc4 $15) 17. Nc4 Bxc3 $1 (17... Nxf1 18. Qxf1 Bd4+ 19. e3 $14) 18. bxc3 {[#]} Bxh3 $1 {[%mdl 512]} 19. Rf2 $2 {[%mdl 8192] [#]} (19. Bxh3 $17 {was the only defense.} Qh4 {[%mdl 64] Double Attack} 20. e4 Qxh3 21. Qf3 Qxf1+ 22. Qxf1 Nxf1 23. Kxf1) 19... Qh4 $146 ({Predecessor:} 19... Bxg2 20. Kxg2 Ne4 21. Rf3 Qh4 22. Qd3 {0-1 (48) Todorov,M (2205)-Mastrovasilis,A (2556) Bansko 2010}) 20. Nxd6 (20. e3 $142 Bxg2 21. Kxg2) 20... Bxg2 21. Kxg2 {[#] Rf4 is the strong threat.} Qg4 $1 {[%cal Rg3e2]} 22. Nxe8 Rxe8 ({Weaker is} 22... Nxe2+ 23. Kf1 $17) 23. Rf4 Rxe2+ 24. Qxe2 Qxe2+ 25. Kxg3 Qe1+ {Played: Qe2-e5} 0-1

[Event "Moscow Open RSSU Cup 2020"]
[Site "Moscow"]
[Date "2020.01.28"]
[Round "4.17"]
[White "Kovanova, Baira"]
[Black "Baymuratova, Sevara"]
[Result "1-0"]
[WhiteElo "2335"]
[BlackElo "2140"]
[Annotator "TA"]
[PlyCount "65"]
[EventDate "2020.01.25"]
[EventType "swiss"]
[EventCountry "RUS"]
[SourceTitle "playchess.com"]
[Source "ChessBase"]
[SourceQuality "1"]

{[%evp 21,65,0,-20,-10,-4,-10,0,0,36,17,15,16,83,87,88,78,81,76,82,76,75,56,180,191,229,205,231,213,186,222,272,272,324,278,336,331,356,297,631,608,629,631,616,591,727,725]} 1. e4 c5 2. Nf3 d6 3. d4 cxd4 4. Nxd4 Nf6 5. Nc3 a6 6. Be2 e5 7. Nb3 Be7 8. O-O O-O 9. Be3 Be6 10. a4 Nc6 11. Qd2 Rc8 12. Rfd1 {B92: Sicilian Najdorf: 6 Be2} Nb4 13. Bf3 Qc7 (13... Bg4 14. Bxg4 Nxg4 15. Ba7 b6 16. Qe2 Nf6 17. a5 b5 18. Bc5 dxc5 19. Rxd8 Rfxd8 {0-1 (34) Heberla,B (2531)-Gajewski,G (2646) Germany 2016}) 14. a5 {The position is equal.} Nc6 $146 ({Predecessor:} 14... Nd7 15. Ra4 Nc6 16. Nd5 Bxd5 17. Qxd5 b5 18. axb6 Nxb6 19. Bxb6 Qxb6 {1-0 (60) Duda,J (2368)-Codenotti,M (2323) Albena 2011}) 15. Bb6 Qb8 16. Nd5 Bxd5 (16... Nd7 $11 {remains equal.}) 17. exd5 $16 Na7 18. Qe3 Nb5 19. Rac1 Nd7 20. c4 $36 {[%mdl 2048] White is on the roll.} Nc7 21. c5 Nxb6 (21... Na8 $14) 22. axb6 $18 (22. cxb6 Nb5 $11) 22... Na8 {[#]} 23. Na5 $1 {Hoping for c6.} Rxc5 24. Rxc5 dxc5 {[#]} 25. Nxb7 $1 {[%mdl 512] And now d6 would win.} Nxb6 ({Much weaker is} 25... Qxb7 26. d6 $18) 26. d6 ({Stronger than} 26. Nxc5 Nc4 $11) 26... Bf6 27. Qxc5 Na4 28. Qc2 Nxb2 29. Rc1 ({Weaker is} 29. Qxb2 e4 $18) 29... Qe8 $2 (29... e4) 30. Bc6 {White is clearly winning.} Qe6 31. Qxb2 e4 32. Qe2 e3 33. Qxe3 {Accuracy: White = 70%, Black = 32%.} 1-0

[Event "Moscow Open RSSU Cup 2020"]
[Site "Moscow"]
[Date "2020.01.29"]
[Round "5.1"]
[White "Lintchevski, Daniil"]
[Black "Tsydypov, Zhamsaran"]
[Result "1/2-1/2"]
[WhiteElo "2536"]
[BlackElo "2553"]
[Annotator "ChessBase"]
[PlyCount "94"]
[EventDate "2020.01.25"]
[EventType "swiss"]
[EventCountry "RUS"]
[SourceTitle "playchess.com"]
[Source "ChessBase"]
[SourceQuality "1"]
[TimeControl "40/5400+30:1800+30"]

1. e4 {[%emt 0:00:00]} c5 {[%emt 0:00:28]} 2. c3 {[%emt 0:00:16]} d5 {[%emt 0:01:15]} 3. exd5 {[%emt 0:00:08]} Qxd5 {[%emt 0:00:09]} 4. d4 {[%emt 0:00:06]} Nc6 {[%emt 0:01:47]} 5. Nf3 {[%emt 0:00:09]} Nf6 {[%emt 0:01:11]} 6. Be2 {[%emt 0:03:39]} e6 {[%emt 0:00:48]} 7. Na3 {[%emt 0:02:28]} cxd4 {[%emt 0:01:18]} 8. Nb5 {[%emt 0:00:21]} Qd8 {[%emt 0:00:37]} 9. Nbxd4 {[%emt 0:00:36]} Bd7 {[%emt 0:00:51]} 10. O-O {[%emt 0:03:50]} a6 {[%emt 0:03:14]} 11. Nxc6 {[%emt 0:06:28]} Bxc6 {[%emt 0:00:08]} 12. Ne5 {[%emt 0:00:10]} Qxd1 {[%emt 0:03:07]} 13. Rxd1 {[%emt 0:01:14]} Be4 {[%emt 0:00:30]} 14. Bf4 {[%emt 0:06:56]} Bc5 {[%emt 0:02:26]} 15. Nc4 {[%emt 0:07:25]} O-O {[%emt 0:04:22]} 16. Bd6 {[%emt 0:00:18]} Rfc8 {[%emt 0:02:14]} 17. Bxc5 {[%emt 0:03:02]} Rxc5 {[%emt 0:00:06]} 18. Nb6 {[%emt 0:00:40]} Re8 {[%emt 0:01:31]} 19. c4 {[%emt 0:04:48]} Rc6 {[%emt 0:05:03]} 20. Nd7 {[%emt 0:00:16]} Nxd7 {[%emt 0:00:37]} 21. Rxd7 {[%emt 0:00:04]} Rcc8 {[%emt 0:00:08]} 22. Rad1 {[%emt 0:04:10]} Kf8 {[%emt 0:03:22]} 23. f3 {[%emt 0:01:47]} Bc6 {[%emt 0:00:18]} 24. R7d2 {[%emt 0:00:05]} Ke7 {[%emt 0:05:58]} 25. Kf2 {[%emt 0:00:04]} Red8 {[%emt 0:01:03]} 26. Rxd8 {[%emt 0:00:14]} Rxd8 {[%emt 0:00:03]} 27. Rxd8 {[%emt 0:00:04]} Kxd8 {[%emt 0:00:04]} 28. Bd3 {[%emt 0:00:43]} Ke7 {[%emt 0:00:53]} 29. b4 {[%emt 0:02:18]} f5 {[%emt 0:00:21]} 30. f4 {[%emt 0:01:04]} Kf6 {[%emt 0:00:40]} 31. g3 {[%emt 0:01:36]} e5 {[%emt 0:03:41]} 32. h4 {[%emt 0:01:53]} h6 {[%emt 0:02:41]} 33. h5 {[%emt 0:03:36]} b6 {[%emt 0:06:13]} 34. a3 {[%emt 0:01:28]} a5 {[%emt 0:12:09]} 35. Ke3 {[%emt 0:02:16]} axb4 {[%emt 0:00:13]} 36. axb4 {[%emt 0:00:01]} Ke6 {[%emt 0:02:15]} 37. Bc2 {[%emt 0:07:37]} Be8 {[%emt 0:02:59]} 38. Bd1 {[%emt 0:00:01]} Kd6 {[%emt 0:00:32]} 39. fxe5+ {[%emt 0:06:53]} Kxe5 {[%emt 0:00:07]} 40. Bf3 {[%emt 0:00:05]} Bf7 {[%emt 0:08:36]} 41. c5 {[%emt 0:30:30]} bxc5 {[%emt 0:30:24]} 42. bxc5 {[%emt 0:00:03]} Be8 {[%emt 0:02:32]} 43. c6 {[%emt 0:01:34]} Kd6 {[%emt 0:00:20]} 44. Kf4 {[%emt 0:00:10]} g6 {[%emt 0:00:13]} 45. Bd1 {[%emt 0:02:25]} Bxc6 {[%emt 0:01:43]} 46. hxg6 {[%emt 0:00:07]} Ke6 {[%emt 0:00:02]} 47. g7 {[%emt 0:01:20]} Kf7 {[%emt 0:00:00] Ke4} 1/2-1/2

[Event "Moscow Open RSSU Cup 2020"]
[Site "Moscow"]
[Date "2020.01.29"]
[Round "5.2"]
[White "Sattarov, Bobir"]
[Black "Martinez Alcantara, Jose Eduardo"]
[Result "0-1"]
[WhiteElo "2462"]
[BlackElo "2606"]
[Annotator "TA"]
[PlyCount "71"]
[EventDate "2020.01.25"]
[EventType "swiss"]
[EventCountry "RUS"]
[SourceTitle "playchess.com"]
[Source "ChessBase"]
[SourceQuality "1"]

{[%evp 19,71,52,46,30,40,14,30,23,20,0,0,0,7,14,6,0,4,0,4,-3,0,0,0,0,0,0,46,55,25,-81,-83,-72,-95,-362,-371,-373,-339,-362,-364,-429,-284,-383,-387,-395,-395,-386,-378,-570,-566,-629,-525,-832,-856,-1458]} 1. e4 c5 2. Nf3 d6 3. d4 cxd4 4. Nxd4 Nf6 5. f3 e6 6. Nc3 a6 7. Be3 b5 8. Qd2 Be7 9. g4 ({Predecessor:} 9. a3 Bb7 10. O-O-O Nbd7 11. g4 Ne5 12. Rg1 Rc8 13. g5 Nfd7 14. h4 {1-0 (63) Szajda,M (1904)-Wnek,F (1962) Jastrzebia Gora 2019}) 9... Bb7 10. O-O-O Nfd7 11. a3 $146 {B80: Sicilian Scheveningen: 6 g3 and 6 Be3, including English Attack} (11. Kb1 Ne5 12. Qg2 b4 13. Na4 Nbd7 14. f4 Nc6 15. b3 Qc7 16. g5 Na7 17. Bc4 g6 18. Bc1 e5 19. fxe5 Nxe5 {½-½ (111) Borisek,J (2576)-Kozul,Z (2594) Bled 2016}) 11... Nb6 12. h4 N8d7 {[%cal Bb8d7,Bd7e5,Be5c4][%mdl 32]} 13. g5 {White has an edge.} Rc8 14. Rg1 Ne5 15. f4 Nec4 16. Bxc4 Nxc4 17. Qd3 Qa5 18. Nb3 Qc7 19. Bd2 Qb6 20. f5 a5 $1 21. Nd4 b4 {[#] White must now prevent ...Nxb2.} 22. Na4 Qa6 {Strongly threatening ...e5.} 23. fxe6 fxe6 24. axb4 (24. Nxe6 $11 Rg8 25. axb4 axb4 26. b3) 24... axb4 $17 25. b3 {[#]} e5 $1 $36 {[%cal Re5d4][%mdl 2048] Black has strong initiative.} 26. Bxb4 $2 {[%mdl 8192]} (26. Nf5 $17 {only move.} Na3 27. c4 (27. Nxg7+ $2 Kf7 $19) 27... Nxc4 28. Bxb4 (28. Nxg7+ $2 Kf8 $19)) 26... exd4 $19 27. Qxd4 O-O ({Weaker is} 27... Ne5 28. Bxd6 Bxd6 29. Qxd6 $17) 28. Bc3 {[%csl Gc3][%cal Rd4g7]} Ne5 29. Kb1 Qc6 30. Rde1 Rf3 {[%cal Rf3c3]} 31. Re3 Rxe3 32. Qxe3 Qxe4 33. Qh3 (33. Qxe4 $142 Bxe4 34. Re1) 33... Nf3 {Black is clearly winning.} 34. Rd1 Rf8 35. Nb6 Qe3 {Threatens to win with ...Nd2+!} 36. Nc4 {Accuracy: White = 27%, Black = 89%.} 0-1

[Event "Moscow Open RSSU Cup 2020"]
[Site "Moscow"]
[Date "2020.01.29"]
[Round "5.3"]
[White "Petrosyan, Manuel"]
[Black "Airapetian, Gor"]
[Result "1/2-1/2"]
[WhiteElo "2590"]
[BlackElo "2444"]
[Annotator "TA"]
[PlyCount "119"]
[EventDate "2020.01.25"]
[EventType "swiss"]
[EventCountry "RUS"]
[SourceTitle "playchess.com"]
[Source "ChessBase"]
[SourceQuality "1"]

{[%evp 9,119,19,14,9,32,33,33,31,21,18,26,0,9,8,7,0,0,0,0,-14,-12,-32,-27,-45,-45,-40,-49,-45,-44,-92,-65,-75,-54,-68,-66,-67,-56,-97,-93,-140,-110,-185,-167,-172,-90,-101,-74,-60,-72,-75,-74,-94,-10,-12,-20,-31,-30,-41,-22,-39,-8,-9,-9,-30,0,0,0,0,0,0,0,0,0,0,0,0,0,0,8,0,8,8,8,8,8,8,8,8,8,8,8,8,8,8,8,8,8,8,8,8,8,8,8,0,0,0,8,8,8,0,8,8]} 1. c4 e6 2. Nc3 d5 3. d4 Be7 4. Bf4 Nf6 5. e3 O-O 6. Rc1 {D35: Queen's Gambit Declined: Exchange Variation.} Nbd7 7. cxd5 exd5 8. Bd3 {White is slightly better.} c6 9. a3 {[#]} Nb6 $146 ({Predecessor:} 9... Re8 10. Nb5 cxb5 11. Bc7 Bb4+ 12. axb4 Qe7 13. Qd2 a6 14. Nf3 Nb8 15. Ne5 Nfd7 16. Bxb8 Nxb8 {0-1 (58) Urbanek,M (1935)-Dukowicz,A (2055) Augustow 1996}) 10. Nf3 Bg4 11. h3 Bh5 12. g4 Bg6 13. Bxg6 fxg6 14. Ne5 Nfd7 15. Nd3 Nc4 16. O-O g5 17. Bg3 Bd6 18. Bxd6 Nxd6 19. b3 Qe7 20. a4 Rf6 21. Qe2 Re8 22. Kg2 Ne4 23. Qe1 {[#]} h5 $1 {[%mdl 512]} 24. gxh5 Rh6 25. f3 (25. Qe2 $17 {was called for.}) 25... Nd6 $19 26. e4 dxe4 (26... Rxh5 $19 {[%cal Rd5e4]} 27. exd5 Qf7) 27. fxe4 $17 {Black should prevent e5.} Nxe4 28. Qxe4 Qxe4+ 29. Nxe4 Rxe4 30. d5 g4 ({Of course not} 30... Rxh5 $6 31. dxc6 bxc6 32. Rfe1 $11) (30... cxd5 $17 31. Rc8+ Kh7) 31. dxc6 $11 bxc6 32. hxg4 Rxg4+ 33. Kf3 Rd4 34. Ke3 Rd5 {White must now prevent ...Re6+.} (34... Rhd6 $5 {[%cal Rd4d3]} 35. Rfd1 R6d5 $15) 35. Nf4 Re5+ 36. Kd4 Rd6+ 37. Kc3 {The position is equal.} Nf6 38. Rcd1 Rxd1 39. Rxd1 Nxh5 {[%mdl 4096] Endgame KRN-KRN} 40. Rd8+ Kh7 {[#]} 41. Rh8+ $1 {[%mdl 576] Decoy} Kxh8 42. Ng6+ {[%mdl 64] Double Attack} Kg8 43. Nxe5 {KN-KN} g5 44. Nxc6 g4 45. Kd4 Kf8 46. Nxa7 {And now Nc6 would win.} g3 {...g2 is the strong threat.} 47. Ke3 {White wants to play Kf3.} Ke8 48. Kf3 Kd7 49. Nb5 Kc6 50. b4 {[%cal Bb3b4,Bb4b5][%mdl 32]} Kb6 51. Nc3 g2 {[%mdl 64] Decoy} 52. Kxg2 {Hoping for Kf3.} Nf4+ $1 53. Kf3 Nd3 54. Nd5+ Ka6 $1 55. b5+ Ka5 56. b6 Nc5 57. Kf4 Kxa4 58. Ke5 {With the idea Kd6.} Nd7+ 59. Ke4 Nxb6 60. Nxb6+ {Accuracy: White = 88%, Black = 82%.} 1/2-1/2

[Event "Moscow Open RSSU Cup 2020"]
[Site "Moscow"]
[Date "2020.01.29"]
[Round "5.4"]
[White "Korchmar, Vasiliy"]
[Black "Savchenko, Boris"]
[Result "1/2-1/2"]
[WhiteElo "2446"]
[BlackElo "2573"]
[Annotator "ChessBase"]
[PlyCount "156"]
[EventDate "2020.01.25"]
[EventType "swiss"]
[EventCountry "RUS"]
[SourceTitle "playchess.com"]
[Source "ChessBase"]
[SourceQuality "1"]
[TimeControl "40/5400+30:1800+30"]

1. d4 {[%emt 0:00:00]} e6 {[%emt 0:07:01]} 2. c4 {[%emt 0:00:00]} d5 {[%emt 0:01:31]} 3. Nc3 {[%emt 0:00:49]} c6 {[%emt 0:03:09]} 4. Nf3 {[%emt 0:00:37]} dxc4 {[%emt 0:00:13]} 5. e3 {[%emt 0:02:31]} b5 {[%emt 0:00:14]} 6. a4 {[%emt 0:00:02]} Bb4 {[%emt 0:00:19]} 7. Bd2 {[%emt 0:00:09]} a5 {[%emt 0:00:23]} 8. axb5 {[%emt 0:00:14]} Bxc3 {[%emt 0:00:08]} 9. Bxc3 {[%emt 0:00:03]} cxb5 {[%emt 0:00:09]} 10. b3 {[%emt 0:00:07]} Bb7 {[%emt 0:00:05]} 11. bxc4 {[%emt 0:00:05]} b4 {[%emt 0:00:06]} 12. Bb2 {[%emt 0:00:05]} Nf6 {[%emt 0:00:10]} 13. Bd3 {[%emt 0:00:13]} O-O {[%emt 0:02:16]} 14. O-O {[%emt 0:00:07]} Nbd7 {[%emt 0:00:20]} 15. Nd2 {[%emt 0:00:07]} Qc7 {[%emt 0:11:38]} 16. f4 {[%emt 0:00:32]} a4 {[%emt 0:00:38]} 17. Rb1 {[%emt 0:00:23]} g6 {[%emt 0:11:14]} 18. e4 {[%emt 0:08:59]} Nh5 {[%emt 0:00:13]} 19. e5 {[%emt 0:05:58]} f5 {[%emt 0:21:59]} 20. Be2 {[%emt 0:17:22]} Ng7 {[%emt 0:04:48]} 21. Bf3 {[%emt 0:05:32]} Nb6 {[%emt 0:04:29]} 22. Bxb7 {[%emt 0:16:49]} Qxb7 {[%emt 0:00:32]} 23. Ba1 {[%emt 0:00:41]} Qe7 {[%emt 0:00:11]} 24. Qf3 {[%emt 0:01:12]} Rfc8 {[%emt 0:07:02]} 25. Kh1 {[%emt 0:02:09]} b3 {[%emt 0:02:13]} 26. Rfc1 {[%emt 0:05:54]} Rab8 {[%emt 0:06:06]} 27. h3 {[%emt 0:08:00]} Qb7 {[%emt 0:02:33]} 28. Qe3 {[%emt 0:03:31]} Qa6 {[%emt 0:01:48]} 29. d5 {[%emt 0:00:39]} Nxc4 {[%emt 0:09:16]} 30. Qd3 {[%emt 0:00:46]} Nh5 {[%emt 0:02:08]} 31. d6 {[%emt 0:11:17]} Nxf4 {[%emt 0:00:12]} 32. Qf1 {[%emt 0:00:00]} Nxg2 {[%emt 0:00:11]} 33. Rxc4 {[%emt 0:01:02]} Ne3 {[%emt 0:00:18]} 34. Rxc8+ {[%emt 0:00:24]} Qxc8 {[%emt 0:00:04]} 35. Qf3 {[%emt 0:00:21]} Qc5 {[%emt 0:00:43]} 36. Bb2 {[%emt 0:00:51]} Nc2 {[%emt 0:01:57]} 37. Rd1 {[%emt 0:01:17]} Qb5 {[%emt 0:00:51]} 38. Nb1 {[%emt 0:01:02]} Kf7 {[%emt 0:01:12]} 39. Qc3 {[%emt 0:02:46]} Qb7+ {[%emt 0:00:24]} 40. Kh2 {[%emt 0:00:01]} Rc8 {[%emt 0:00:15]} 41. d7 {[%emt 0:30:42]} Rd8 {[%emt 0:30:08]} 42. Qd2 {[%emt 0:04:09]} Qf3 {[%emt 0:00:32]} 43. Qg5 {[%emt 0:02:16]} Qe2+ {[%emt 0:01:10]} 44. Kg3 {[%emt 0:00:05]} Qe3+ {[%emt 0:00:14]} 45. Qxe3 {[%emt 0:00:04]} Nxe3 {[%emt 0:00:03]} 46. Rd4 {[%emt 0:00:24]} g5 {[%emt 0:00:31]} 47. Na3 {[%emt 0:01:41]} f4+ {[%emt 0:00:58]} 48. Kf3 {[%emt 0:00:16]} Nf5 {[%emt 0:00:22]} 49. Rd3 {[%emt 0:01:10]} Ke7 {[%emt 0:00:11]} 50. Nc4 {[%emt 0:00:33]} Rxd7 {[%emt 0:00:05]} 51. Ba3+ {[%emt 0:00:59]} Kd8 {[%emt 0:00:06]} 52. Nd6 {[%emt 0:00:08]} Ne3 {[%emt 0:01:09]} 53. Rd4 {[%emt 0:00:47]} Nc2 {[%emt 0:01:29]} 54. Rxa4 {[%emt 0:00:01]} Rc7 {[%emt 0:00:12]} 55. Bb2 {[%emt 0:00:50]} Ne1+ {[%emt 0:00:47]} 56. Kg4 {[%emt 0:00:01]} Nd3 {[%emt 0:00:29]} 57. Bd4 {[%emt 0:00:21]} Kd7 {[%emt 0:00:33]} 58. Kxg5 {[%emt 0:00:47]} f3 {[%emt 0:01:02]} 59. Ra8 {[%emt 0:01:04]} Kc6 {[%emt 0:00:00]} 60. Rb8 {[%emt 0:00:27]} Kd5 {[%emt 0:00:15]} 61. Rxb3 {[%emt 0:00:31]} Kxd4 {[%emt 0:00:39]} 62. Nb5+ {[%emt 0:00:01]} Ke3 {[%emt 0:00:33]} 63. Nxc7 {[%emt 0:00:23]} f2 {[%emt 0:00:05]} 64. Rb1 {[%emt 0:00:06]} Ne1 {[%emt 0:00:08]} 65. Rb3+ {[%emt 0:00:06]} Nd3 {[%emt 0:01:08]} 66. Rb1 {[%emt 0:00:01]} h6+ {[%emt 0:00:37]} 67. Kg4 {[%emt 0:01:09]} Ne1 {[%emt 0:00:08]} 68. Rb3+ {[%emt 0:00:03]} Nd3 {[%emt 0:00:12]} 69. Rb1 {[%emt 0:00:01]} h5+ {[%emt 0:01:05]} 70. Kg3 {[%emt 0:00:34]} h4+ {[%emt 0:00:13]} 71. Kg4 {[%emt 0:00:58]} Ne1 {[%emt 0:00:11]} 72. Rb3+ {[%emt 0:00:01]} Nd3 {[%emt 0:01:00]} 73. Rb1 {[%emt 0:00:01]} Ne1 {[%emt 0:00:37]} 74. Rb3+ {[%emt 0:00:01]} Kd2 {[%emt 0:00:25]} 75. Rb2+ {[%emt 0:00:23]} Nc2 {[%emt 0:00:06]} 76. Rb1 {[%emt 0:00:01]} Ne1 {[%emt 0:01:01]} 77. Rb2+ {[%emt 0:00:01]} Nc2 {[%emt 0:00:06]} 78. Rb1 {[%emt 0:00:01]} Ne1 {[%emt 0:01:21]} 1/2-1/2